000 00956nac a22002777a 4500
001 BR8803510
003 BR-BrBNA
005 20240105120808.0
008 230509b bl.|||m| |||| 00| 0 por d
040 _aBR-BrBNA
_bpor
_cBiblioteca Nacional de Agricultura
072 _aP35
090 _a0312 BR8803510
100 1 _aMuller, A.A.
110 1 _aUnidade de Execucao de Pesquisa de Ambito Estadual de Belem, PA (Brasil)
_910340
245 1 _aAvaliacao de leguminosas para cobertura do solo em dendezais
246 1 _a[Evaluation of legumes on soil planted with Elaeis guineensis]
260 3 _aBelem, PA (Brasil):
_c1987.
300 _a3 p.
490 _aPesquisa em Andamento - Unidade de Execucao de Pesquisa de Ambito Estadual de Belem (Brazil)
_vno. 4
_x
650 _aDENDE
650 _aLEGUMINOSA
650 _aPLANTA DE COBERTURA
650 _aADUBO VERDE
909 _a202312
_bLúcia Elande
_c55
_dLúcia Elande
942 _2AGRIS
_n0
_cMS
999 _c281450
_d281450